书目信息 |
| 题名: |
化工原理的教学与实践
|
|
| 作者: | 丁惠华 主编 | |
| 分册: | ||
| 出版信息: | 北京 化学工业出版社 1992.11 |
|
| 页数: | 136页 | |
| 开本: | 26cm | |
| 丛书名: | ||
| 单 册: | ||
| 中图分类: | TQ02 | |
| 科图分类: | ||
| 主题词: | 化工过程:物理过程 , 化工过程:物理化学过程 , 化工过程 | |
| 电子资源: | ||
| ISBN: | 7-5025-1034-6 | |
| 000 | 00634nam0 2200217 45 | |
| 001 | 0460344626 | |
| 005 | 2004042516454350 | |
| 010 | @a7-5025-1034-6@dCNY 14.00 | |
| 100 | @a20040425d1992 km y0chiy0120 ea | |
| 101 | 0 | @achi |
| 102 | @aCN@b110000 | |
| 200 | 1 | @a化工原理的教学与实践@AHua Gong Yuan Li De Jiao Xue Yu Shi Jian@f丁惠华主编@Fding hui hua zhu bian |
| 210 | @a北京@c化学工业出版社@d1992.11 | |
| 215 | @a136页@d26cm | |
| 606 | 0 | @a化工过程:物理过程 |
| 606 | 0 | @a化工过程:物理化学过程 |
| 606 | 0 | @a化工过程 |
| 690 | @aTQ02@v3 | |
| 701 | 0 | @a丁惠华@Ading hui hua@4主编 |
| 801 | 0 | @aCN@bPFT@c20040425 |
| 905 | @dTQ02@eD530 | |
| 化工原理的教学与实践/丁惠华主编.-北京:化学工业出版社,1992.11 |
| 136页;26cm |
| ISBN 7-5025-1034-6:CNY 14.00 |
| ● |
| 相关链接 |
|
|
|
正题名:化工原理的教学与实践
索取号:TQ02/D530
 
预约/预借
| 序号 | 登录号 | 条形码 | 馆藏地/架位号 | 状态 | 备注 |
| 1 | 391496 | 203914960 | 期刊室512/501自科库 137排4列3层/ [索取号:TQ02/D530] | 在馆 | |
| 2 | 391497 | 203914979 | 自科库501/501自科库 137排4列3层/ [索取号:TQ02/D530] | 在馆 | |
| 3 | 391498 | 203914988 | 自科库501/501自科库 137排4列3层/ [索取号:TQ02/D530] | 在馆 |